000 00469nam a2200205Ia 4500
008 210210b2009 xxu||||| |||| 00| 0 eng d
020 _a8180522822
041 _aeng
082 _a339 HAJM
100 _aHAJELA (T N)
245 _aMacroeconomic theory Ed 10
250 _a
260 _aNew Delhi
_bAne Books Pvt. Ltd.
_c2009
650 _atheory
650 _aMacroeconomic
650 _aEd
650 _a10
690 _aMacro Economics
906 _a064792
999 _c141739
_d141739